01330nam a22002537a 450000100040000000500170000402000180002102000150003904000230005405000240007708200170010110000290011824501230014726000480027030000470031849000180036550500080038352005640039152100180095552100200097365000420099370000240103570000170105967720250805161034.0 a9781575422787 a1575422786 aDLCcDLCdDLCbeng00aBF637.P76bE87 200800a155.2/322221 aEspeland, Pamela,d1951-10aSee you later, procrastinator! :b(get it done) /cby Pamela Espeland & Elizabeth Verdick ; illustrated by Steve Mark. aMinneapolis, MN :bFree Spirit Pub.,c2008. a101 pages :bcolor illustrations :c18 cm.0 aLaugh & learn aM  aKids today are notorious for putting things off--it's easy for homework and chores to take a backseat to playing video games, hanging out with friends, watching television, or surfing online. Full-color cartoons and kid-friendly text teach kids how to get motivated, stay motivated, and get things done. Kids learn 12 reasons why people procrastinate and 12 Procrastination Busters that can help; 20 ways to kiss procrastination good-bye; tips for avoiding setbacks like the dreaded Domino Effect; and Mighty Motivators and Fun Rewards to keep them on track.  a690bLexile  aM bRaz-Plus  0aProcrastinationvJuvenile literature.1 aVerdick, Elizabeth.1 aMark, Steve.